000 00575nam a2200217Ia 4500
005 20231107143739.0
008 140110s9999 xx 000 0 und d
020 _a9788178358611
_cRs.860.00
040 _aLoreto College
041 _aEnglish
082 _a320.954
_bPUN
100 _aPuniyani,Ram
245 _aCommunal threat to secular democracy
_cRam Puniyani
260 _aDelhi
_bKalpaz Publications
_c2010
300 _a356p
504 _aIncludes index
650 _aIndia-Politics
651 _aIndia-Religion and politics
850 _aLCLIB
942 _cBK
999 _c37639
_d88118